| 000 -LEADER |
| fixed length control field |
01605nam a2200289 a 4500 |
| 001 - CONTROL NUMBER |
| control field |
ASIN1848851383 |
| 005 - DATE AND TIME OF LATEST TRANSACTION |
| control field |
20170105102857.0 |
| 008 - FIXED-LENGTH DATA ELEMENTS--GENERAL INFORMATION |
| fixed length control field |
130909s2010 xxu eng d |
| 020 ## - INTERNATIONAL STANDARD BOOK NUMBER |
| International Standard Book Number |
1848851383 (hardcover) |
| Terms of availability |
$95.00 |
| 020 ## - INTERNATIONAL STANDARD BOOK NUMBER |
| International Standard Book Number |
9781848851382 (hardcover) |
| 040 ## - CATALOGING SOURCE |
| Original cataloging agency |
0 |
| 050 04 - LIBRARY OF CONGRESS CALL NUMBER |
| Classification number |
UA840 |
| 082 04 - DEWEY DECIMAL CLASSIFICATION NUMBER |
| Classification number |
327.54 |
| 100 1# - MAIN ENTRY--PERSONAL NAME |
| Personal name |
Jain, B. M. |
| 245 10 - TITLE STATEMENT |
| Title |
India in the new south asia : |
| Remainder of title |
strategic, military and economic concerns in the age of nuclear diplomacy / |
| Statement of responsibility, etc. |
B. M. Jain. |
| 260 ## - PUBLICATION, DISTRIBUTION, ETC. |
| Place of publication, distribution, etc. |
New Delhi : |
| Name of publisher, distributor, etc. |
Viva Books, |
| Date of publication, distribution, etc. |
2011. |
| 300 ## - PHYSICAL DESCRIPTION |
| Extent |
224 p. ; |
| Dimensions |
22 cm. |
| 490 1# - SERIES STATEMENT |
| Series statement |
Library of international relations. |
| 520 ## - SUMMARY, ETC. |
| Summary, etc. |
In recent years, South Asia has become a flashpoint of conflict between the nuclear powers of India and Pakistan over the interconnected problem of Kashmir and cross-border terrorism. B. M. Jain here re-evaluates India's security, strategic and nuclear policy in the new South Asia of the post 9/11 era. He also provides a reappraisal of the regional security implications of India's turbulent relationships with Pakistan, Nepal, and Bangladesh. Furthermore, he examines the strategic engagement of America, Russia and China with South Asian states. This book will be invaluable for public policy-makers, researchers, and undergraduate and graduate students of South Asian studies. |
| 650 #0 - SUBJECT ADDED ENTRY--TOPICAL TERM |
| Topical term or geographic name entry element |
India |
| 650 #0 - SUBJECT ADDED ENTRY--TOPICAL TERM |
| Topical term or geographic name entry element |
International relations |
| 650 #0 - SUBJECT ADDED ENTRY--TOPICAL TERM |
| Topical term or geographic name entry element |
National security |
| 650 #0 - SUBJECT ADDED ENTRY--TOPICAL TERM |
| Topical term or geographic name entry element |
Nuclear weapons |
| 830 #0 - SERIES ADDED ENTRY--UNIFORM TITLE |
| Uniform title |
Library of international relations. |
| 856 40 - ELECTRONIC LOCATION AND ACCESS |
| Materials specified |
Amazon.com |
| Uniform Resource Identifier |
<a href="http://www.amazon.com/exec/obidos/ASIN/1848851383/chopaconline-20">http://www.amazon.com/exec/obidos/ASIN/1848851383/chopaconline-20</a> |
| 942 ## - ADDED ENTRY ELEMENTS (KOHA) |
| Source of classification or shelving scheme |
|
| Koha item type |
Book |